Nghệ thuật giảm thiểu stress
Guardat en:
| Autor principal: | |
|---|---|
| Format: | Llibre |
| Idioma: | Undetermined |
| Publicat: |
Hà Nội
Văn hoá thông tin
2004
|
| Matèries: | |
| Etiquetes: |
Afegir etiqueta
Sense etiquetes, Sigues el primer a etiquetar aquest registre!
|
| Thư viện lưu trữ: | Trung tâm Học liệu Trường Đại học Cần Thơ |
|---|
| LEADER | 00642nam a2200193Ia 4500 | ||
|---|---|---|---|
| 001 | CTU_65042 | ||
| 008 | 210402s9999 xx 000 0 und d | ||
| 020 | |c 30000 | ||
| 082 | |a 658.4095 | ||
| 082 | |b H477 | ||
| 100 | |a Heller, Robert | ||
| 245 | 0 | |a Nghệ thuật giảm thiểu stress | |
| 245 | 0 | |c Robert Heller ; Nguyễn Thị Thiên Hương, Trần Thị Thu Hà ( biên dịch ) | |
| 260 | |a Hà Nội | ||
| 260 | |b Văn hoá thông tin | ||
| 260 | |c 2004 | ||
| 650 | |a Organizational behavior,Success in business | ||
| 904 | |i Minh, Kiều Nguyên | ||
| 980 | |a Trung tâm Học liệu Trường Đại học Cần Thơ | ||